000 00372nam a2200121Ia 4500
008 220620s9999||||xx |||||||||||||| ||und||
245 0 _aAntioxidant Enzyme
546 _aEnglish[eng]
650 _aMedical microbiology & virology
700 _aAmr El-Missiry, Mohammed
856 _uhttps://mts.intechopen.com/storage/books/2516/authors_book/authors_book.pdf
942 _cEB
999 _c34316
_d34316